| 000 | 00883nam a2200241 i 4500 | ||
|---|---|---|---|
| 001 | bg | ||
| 245 | 7 | 0 |
_aSkładniki chemiczne nasion krajowych odmian roślin strączkowych grubonasiennych / _cS. Matyka [et. al.]. |
| 246 | 1 | _aSkład chemiczny i wartość pokarmowa nasion roślin strączkowych | |
| 260 |
_aLublin : _bCentralne Laboratorium Przemysłu Paszowego BOINTE, _c[1996?]. |
||
| 300 |
_a34 s. : _brys. ; _c24 cm. |
||
| 500 | _aTyr. okł.: Skład chemiczny i wartość pokarmowa nasion roślin strączkowych. | ||
| 504 | _aBibliogr. s. 32-34. | ||
| 650 | 9 |
_aŁubin _xbiochemia _xbadanie |
|
| 650 | 9 |
_aBobik _xbiochemia _xbadanie |
|
| 650 | 9 |
_aGroch _xbiochemia _xbadanie |
|
| 650 | 9 |
_aPeluszka _xbiochemia _xbadanie |
|
| 700 | 1 | _aMATYKA, S. | |
| 040 | _cBPK | ||
| 041 | 0 | _apl | |
| 080 | _a635.6:633.3]:577.1 | ||
| 942 | _cKS | ||
| 008 | s pl f |000 0 pol | ||
| 999 |
_c31275 _d31275 |
||
| 856 |
_uhttp://koha.tu.koszalin.pl/cgi-bin/koha/opac-detail.pl?biblionumber=31275 _yKatalog online BPK |
||